| 000 | 00544nam a2200193Ia 4500 | ||
|---|---|---|---|
| 005 | 20240605011826.0 | ||
| 008 | 240331s9999 xx 000 0 und d | ||
| 020 | _a9559105035 | ||
| 082 |
_bDIS _a370 |
||
| 100 | _aDissanayaka, J.B | ||
| 245 | 0 |
_aStudies in sinhala literacy : _btraditional knowledge as reflected in folklore |
|
| 250 | _a1 st | ||
| 260 |
_aColombo _bNational Association for Total Education _c1990 |
||
| 300 | _axii,100 p., | ||
| 650 | _aEducation | ||
| 650 | _aSinhala Literacy | ||
| 700 | _aJayawardhana,W. | ||
| 942 | _cL | ||
| 999 |
_c2944 _d2944 |
||